Statistics for World Cup Host Nations

Click here to take the quiz!

General Stats

  • This quiz has been taken 26 times
  • The average score is 19 of 21

Answer Stats

HintAnswer% Correct
1966England
100%
2006Germany
100%
1986Mexico
100%
1970Mexico
100%
2018Russia
100%
2010South Africa
100%
1982Spain
100%
1978Argentina
96%
1950Brazil
96%
2014Brazil
96%
1998France
96%
1938France
96%
1934Italy
96%
1990Italy
96%
1994United States
96%
1930Uruguay
92%
1958Sweden
84%
1962Chile
80%
1974West Germany
76%
1954Switzerland
72%
2002Japan and South Korea
64%

Score Distribution

Percentile by Number Answered

Percent of People with Each Score

Your Score History

You have not taken this quiz